Central Library OPAC University of Rajshahi

Problem solving in the chemical industry / (Record no. 10172)

MARC details
000 -LEADER
fixed length control field 00873nam a2200277 a 4500
001 - CONTROL NUMBER
control field 10172
003 - CONTROL NUMBER IDENTIFIER
rucl marc code BD-RjUL
005 - DATE AND TIME OF LATEST TRANSACTION
control field 20211208234915.0
008 - FIXED-LENGTH DATA ELEMENTS--GENERAL INFORMATION
fixed length control field 140123s1984 enka b 001 0 eng
020 ## - INTERNATIONAL STANDARD BOOK NUMBER
International Standard Book Number 027302034X (pbk.) :
035 ## - SYSTEM CONTROL NUMBER
System control number (BD-RjUL)10220
040 ## - CATALOGING SOURCE
Original cataloging agency DLC
Transcribing agency DLC
Modifying agency DLC
-- BD-RjUL
Language of cataloging eng
041 ## - LANGUAGE CODE
Language code of text/sound track or separate title eng
082 00 - DEWEY DECIMAL CLASSIFICATION NUMBER
Classification number 338.4766
Edition number 19
Author mark and year CAP 1984
100 1# - MAIN ENTRY--PERSONAL NAME
Personal name Casey, R. J.
9 (RLIN) 31404
245 10 - TITLE STATEMENT
Title Problem solving in the chemical industry /
Statement of responsibility, etc. R.J. Casey and M.J. Frazer.
260 ## - PUBLICATION, DISTRIBUTION, ETC. (IMPRINT)
Place of publication, distribution, etc. London ;
-- Marshfield, Mass. :
Name of publisher, distributor, etc. Pitman,
Date of publication, distribution, etc. c1984.
300 ## - PHYSICAL DESCRIPTION
Pagination 121 p. :
Illustrations ill. ;
Size 23 cm.
504 ## - BIBLIOGRAPHY, ETC. NOTE
Bibliography, etc Includes bibliographical references and index.
650 #0 - SUBJECT ADDED ENTRY--TOPICAL TERM
Topical term or geographic name as entry element Chemical engineering
General subdivision Case studies.
9 (RLIN) 31405
Topical term or geographic name as entry element Problem solving.
9 (RLIN) 19627
700 1# - ADDED ENTRY--PERSONAL NAME
Personal name Frazer, M. J.
Fuller form of name (Malcolm John)
942 ## - ADDED ENTRY ELEMENTS (KOHA)
Source of classification or shelving scheme Dewey Decimal Classification
Koha item type Books
Holdings
Lost status Source of classification or shelving scheme Damaged status Not for loan Collection code Permanent Location Current Location Shelving location Date acquired Source of acquisition Total Checkouts Full call number Date last seen Copy number Koha item type
  Dewey Decimal Classification   Not For Loan Non-fiction Central Library, University of Rajshahi Central Library, University of Rajshahi Reading Room 03/07/1988 British council   338.4766 CAP 1984 23/01/2014 C-1 Books